[Event "45th Olympiad 2024"]
[Site "Budapest HUN"]
[Date "2024.09.16"]
[Round "6.2"]
[Board "1"]
[White "Rapport, Richard"]
[Black "Gukesh, D"]
[Result "1/2-1/2"]
[WhiteTitle "GM"]
[BlackTitle "GM"]
[WhiteElo "2715"]
[BlackElo "2764"]
[WhiteTeam "Hungary"]
[BlackTeam "India"]
[WhiteFideId "738590"]
[BlackFideId "46616543"]
[EventDate "2024.09.11"]

1. e4 e5 2. Nf3 Nc6 3. Bb5 Nf6 4. O-O Nxe4 5. Re1 Nd6 6. Nxe5 Be7 7. Bf1 Nxe5 8.
Rxe5 O-O 9. Nc3 Bf6 10. Re1 Re8 11. Nd5 Rxe1 12. Nxf6+ Qxf6 13. Qxe1 b6 14. d3
Bb7 15. Qb4 c5 16. Qf4 Qxf4 17. Bxf4 Nf5 18. f3 f6 19. Kf2 g5 20. Bd2 h5 21. c3
Kf7 22. Be2 Bd5 23. Bd1 Ng7 24. Ba4 Rd8 25. Bc2 h4 26. a4 Ne6 27. a5 b5 28. a6
Rb8 29. Ra5 d6 30. b4 f5 31. bxc5 dxc5 32. c4 Bc6 33. cxb5 Rxb5 34. Rxb5 Bxb5
35. Bb3 f4 36. g3 fxg3+ 37. hxg3 Bxd3 38. Be3 hxg3+ 39. Kxg3 Kf6 40. Bxe6 Kxe6
41. Bxc5 Bxa6 42. f4 gxf4+ 43. Kxf4 Kd5 44. Bxa7 1/2-1/2

[Event "45th Olympiad 2024"]
[Site "Budapest HUN"]
[Date "2024.09.16"]
[Round "6.2"]
[Board "2"]
[White "Praggnanandhaa, R"]
[Black "Leko, Peter"]
[Result "1/2-1/2"]
[WhiteTitle "GM"]
[BlackTitle "GM"]
[WhiteElo "2750"]
[BlackElo "2666"]
[WhiteTeam "India"]
[BlackTeam "Hungary"]
[WhiteFideId "25059530"]
[BlackFideId "703303"]
[EventDate "2024.09.11"]

1. e4 e5 2. Nf3 Nc6 3. Bc4 Bc5 4. d3 Nf6 5. Bg5 h6 6. Bh4 d6 7. c3 a5 8. O-O g5
9. Bg3 O-O 10. Na3 Bxa3 11. bxa3 Bg4 12. Re1 Kg7 13. Rb1 Rb8 14. d4 Nh5 15. Re3
Nf4 16. h3 Bh5 17. Qd2 Qf6 18. Kh2 b6 19. Bb5 Nd8 20. Ne1 Nde6 21. Nc2 Bg6 22.
f3 h5 23. Rf1 h4 24. Bf2 Nh5 25. Kg1 Kh7 26. Rd1 Rbd8 27. Ree1 Nhf4 28. Ne3 Qg7
29. Qb2 f6 30. Rd2 Qe7 31. Red1 Kh8 32. Qb3 Qh7 33. Bc4 Rde8 34. Qb5 Re7 35. Bf1
Be8 36. Qb2 Bg6 37. Re1 Ree8 38. Qc1 Re7 39. Qd1 Ree8 40. Qa1 Re7 41. Qc1 Ree8
42. Qb2 Re7 43. Rdd1 Ree8 44. Rd2 Re7 45. Rdd1 1/2-1/2

[Event "45th Olympiad 2024"]
[Site "Budapest HUN"]
[Date "2024.09.16"]
[Round "6.2"]
[Board "3"]
[White "Sjugirov, Sanan"]
[Black "Erigaisi, Arjun"]
[Result "0-1"]
[WhiteTitle "GM"]
[BlackTitle "GM"]
[WhiteElo "2644"]
[BlackElo "2778"]
[WhiteTeam "Hungary"]
[BlackTeam "India"]
[WhiteFideId "4189302"]
[BlackFideId "35009192"]
[EventDate "2024.09.11"]

1. e4 e5 2. Nf3 Nc6 3. Bb5 a6 4. Ba4 Nf6 5. O-O d6 6. Re1 Bd7 7. c3 g6 8. d4 Bg7
9. h3 O-O 10. Nbd2 exd4 11. cxd4 Nb4 12. Bxd7 Qxd7 13. Qb3 a5 14. a3 Nc6 15. d5
Nb8 16. Qxb7 Na6 17. Qb3 Nc5 18. Qc4 Qa4 19. e5 Qxc4 20. Nxc4 dxe5 21. Nfxe5
Nxd5 22. Rd1 Nb6 23. Be3 Nca4 24. Bd4 Rad8 25. Bxb6 cxb6 26. Nd7 Rfe8 27. Ndxb6
Nxb6 28. Nxb6 Bxb2 29. Rxd8 Rxd8 30. Ra2 Rd1+ 31. Kh2 Bd4 32. Nc4 a4 33. g3 Bc5
34. Rc2 Rd4 35. Kg2 Kf8 36. Rc3 Ke7 37. Ne5 Rd5 38. Nd3 Bb6 39. Kf3 Rb5 40. Ke2
Rb3 41. Nb4 Kd7 42. Rd3+ Rxd3 43. Nxd3 Kc6 44. Kd2 Bd4 45. f3 Kd5 46. Kc2 Bg7
47. h4 Bf6 48. Kd2 Kc4 49. Kc2 h5 50. g4 hxg4 51. fxg4 Bxh4 52. Ne5+ Kd5 53.
Nxf7 Bf6 54. Kd3 Ke6 55. Nh6 Bg5 56. Nf5 gxf5 57. gxf5+ Kd5 0-1

[Event "45th Olympiad 2024"]
[Site "Budapest HUN"]
[Date "2024.09.16"]
[Round "6.2"]
[Board "4"]
[White "Vidit, Santosh Gujrathi"]
[Black "Gledura, Benjamin"]
[Result "1-0"]
[WhiteTitle "GM"]
[BlackTitle "GM"]
[WhiteElo "2720"]
[BlackElo "2628"]
[WhiteTeam "India"]
[BlackTeam "Hungary"]
[WhiteFideId "5029465"]
[BlackFideId "712779"]
[EventDate "2024.09.11"]

1. d4 d5 2. c4 c6 3. cxd5 cxd5 4. Nc3 Nf6 5. Nf3 Nc6 6. Bf4 a6 7. Qb3 e6 8. e3
Bd6 9. Bxd6 Qxd6 10. Be2 O-O 11. O-O Rb8 12. Rfc1 Re8 13. Na4 e5 14. dxe5 Nxe5
15. Qb6 Qxb6 16. Nxb6 Bg4 17. Rc7 Bxf3 18. gxf3 d4 19. Rd1 dxe3 20. fxe3 Nc6 21.
e4 Re7 22. Rxe7 Nxe7 23. Kf2 Nc6 24. Rc1 Nd4 25. Bc4 Rd8 26. Ke3 Kf8 27. Bf1 Ne6
28. Bh3 Ne8 29. f4 g5 30. fxg5 Nxg5 31. Rc8 Rxc8 32. Bxc8 Nd6 33. Bf5 h6 34. h4
Ne6 35. Bg4 Ng7 36. Kf4 f6 37. b4 Kf7 38. e5 fxe5+ 39. Kxe5 Nge8 40. a4 Ke7 41.
Nd5+ Kd8 42. Be2 Nc8 43. Bf3 b6 44. h5 Nc7 45. Ne3 Ne7 46. Ng4 Ng8 47. Be4 Ne8
48. Bg6 Ne7 49. Bxe8 Kxe8 50. Kd6 b5 51. axb5 axb5 52. Nxh6 1-0

[Event "45th Olympiad 2024"]
[Site "Budapest HUN"]
[Date "2024.09.16"]
[Round "6.3"]
[Board "1"]
[White "Carlsen, Magnus"]
[Black "Maghsoodloo, Parham"]
[Result "1/2-1/2"]
[WhiteTitle "GM"]
[BlackTitle "GM"]
[WhiteElo "2832"]
[BlackElo "2723"]
[WhiteTeam "Norway"]
[BlackTeam "Iran"]
[WhiteFideId "1503014"]
[BlackFideId "12539929"]
[EventDate "2024.09.11"]

1. e4 c6 2. d4 d5 3. e5 Bf5 4. Nd2 e6 5. Nb3 Nd7 6. Nf3 Ne7 7. Be2 h6 8. O-O Bh7
9. a4 a5 10. Bd2 Qb6 11. Rc1 g5 12. Kh1 Ng6 13. Bd3 Bb4 14. Be3 Qc7 15. Nfd2 Nh4
16. Bxh7 Rxh7 17. c3 Be7 18. c4 Nf8 19. f4 Nf5 20. Bg1 gxf4 21. cxd5 exd5 22.
Rxf4 Ng7 23. Qc2 h5 24. Rcf1 Nge6 25. Rf5 Qb6 26. Nb1 h4 27. h3 Rg7 28. Nc3 Bg5
29. Nd2 Qa6 30. R1f3 Rd8 31. Nf1 Rd7 32. Nh2 Qc4 33. b3 Qb4 34. Ne2 Ng6 35. Ng4
Ne7 36. Rf6 Qd2 37. Qxd2 Bxd2 38. Be3 Bxe3 39. Rxe3 c5 40. dxc5 d4 41. Rd3 Nc6
42. Rxe6+ fxe6 43. Nf6+ Kf8 44. Nxd7+ Rxd7 45. g3 Kg8 46. gxh4 Rd5 47. Kg2 Kh7
48. Rd2 Rxc5 49. Nxd4 Nxd4 50. Rxd4 b5 51. Kf3 Rxe5 52. Re4 Rf5+ 53. Ke3 bxa4
54. bxa4 Rh5 55. Rg4 Kh6 56. Kd4 Rd5+ 57. Kc4 Re5 58. Kd4 Rd5+ 59. Ke3 Rh5 60.
Re4 Kg7 61. Kf3 Kf6 62. Kg4 Rh8 63. Rf4+ Kg6 64. Re4 Kf6 65. h5 Rg8+ 66. Kf3 Rg5
67. Rh4 Kg7 68. h6+ Kh7 69. Re4 Rh5 70. Kg4 Rxh6 71. Re5 Rg6+ 72. Kf4 Rf6+ 73.
Kg3 Rg6+ 74. Kh2 Rf6 75. Rxa5 Rf3 76. Rg5 Ra3 77. a5 Kh6 78. h4 Ra4 79. Kg3 Ra3+
80. Kf4 Ra4+ 81. Ke3 Rxh4 82. Re5 Kg7 83. a6 Ra4 84. Rxe6 Kf7 85. Rh6 Kg7 86.
Rb6 Kf7 87. Kd3 Ke7 1/2-1/2

[Event "45th Olympiad 2024"]
[Site "Budapest HUN"]
[Date "2024.09.16"]
[Round "6.3"]
[Board "2"]
[White "Tabatabaei, M. Amin"]
[Black "Christiansen, Johan-Sebastian"]
[Result "1/2-1/2"]
[WhiteTitle "GM"]
[BlackTitle "GM"]
[WhiteElo "2714"]
[BlackElo "2661"]
[WhiteTeam "Iran"]
[BlackTeam "Norway"]
[WhiteFideId "12521213"]
[BlackFideId "1512668"]
[EventDate "2024.09.11"]

1. e4 e6 2. d4 d5 3. e5 c5 4. c3 Qa5 5. dxc5 Qc7 6. b4 Qxe5+ 7. Be2 b6 8. Nf3
Qc7 9. c4 dxc4 10. Na3 bxc5 11. Nxc4 Nd7 12. g3 Ngf6 13. Bf4 Qb7 14. bxc5 Bxc5
15. O-O O-O 16. Rb1 Nb6 17. Rb5 Qd5 18. Qxd5 exd5 19. Rxc5 dxc4 20. Nd2 Bh3 21.
Rc1 Rfe8 22. Be3 c3 23. R5xc3 Nfd5 24. Ra3 Nxe3 25. Rxe3 Rxe3 26. fxe3 Be6 27.
a3 Rd8 28. Nf3 Bg4 29. Kf2 Rd5 30. Nd4 Bxe2 31. Kxe2 Ra5 32. Rc3 g6 33. Kd3 Kg7
34. Kc2 Nd5 35. Rb3 Ra4 36. Nb5 Ra5 37. Kd3 Ra4 38. e4 Nf6 39. Rb4 Ra5 40. a4
Nd7 41. Kd4 Nb6 42. Nc3 Ra6 43. e5 Kf8 44. g4 h6 45. h4 Kg7 46. Kc5 Ra5+ 47. Kd4
Ra6 48. Kc5 Ra5+ 49. Kd4 1/2-1/2

[Event "45th Olympiad 2024"]
[Site "Budapest HUN"]
[Date "2024.09.16"]
[Round "6.3"]
[Board "4"]
[White "Idani, Pouya"]
[Black "Urkedal, Frode Olav Olsen"]
[Result "1-0"]
[WhiteTitle "GM"]
[BlackTitle "GM"]
[WhiteElo "2599"]
[BlackElo "2546"]
[WhiteTeam "Iran"]
[BlackTeam "Norway"]
[WhiteFideId "12510130"]
[BlackFideId "1506102"]
[EventDate "2024.09.11"]

1. e4 e5 2. Nf3 Nc6 3. Bb5 a6 4. Ba4 Nf6 5. O-O Be7 6. d3 b5 7. Bb3 d6 8. c3 O-O
9. Bc2 Re8 10. Re1 h6 11. Nbd2 Bf8 12. d4 Bb7 13. b3 Nb8 14. Bb2 Nbd7 15. a4 c6
16. Nf1 g6 17. Ng3 Bg7 18. Bd3 Qc7 19. Rc1 bxa4 20. bxa4 d5 21. exd5 Nxd5 22. c4
Nf4 23. c5 exd4 24. Ne4 Nxd3 25. Qxd3 Ne5 26. Nxe5 Qxe5 27. Qd2 Qd5 28. Nd6
Rxe1+ 29. Rxe1 Rb8 30. Qb4 Bf8 31. Ne8 a5 32. Nf6+ Kg7 33. Qd2 Qc4 34. Bxd4 Rd8
35. Nd7+ Kg8 36. Bf6 Rxd7 37. Qxd7 Qb4 38. Qe8 Ba6 39. h3 Bc4 40. Re3 Qb1+ 41.
Kh2 Qf5 42. Be7 1-0

[Event "45th Olympiad 2024"]
[Site "Budapest HUN"]
[Date "2024.09.16"]
[Round "6.4"]
[Board "1"]
[White "Caruana, Fabiano"]
[Black "Deac, Bogdan-Daniel"]
[Result "1/2-1/2"]
[WhiteTitle "GM"]
[BlackTitle "GM"]
[WhiteElo "2798"]
[BlackElo "2680"]
[WhiteTeam "United States of America"]
[BlackTeam "Romania"]
[WhiteFideId "2020009"]
[BlackFideId "1226380"]
[EventDate "2024.09.11"]

1. e4 e5 2. Nf3 Nc6 3. Bc4 Nf6 4. d3 Bc5 5. c3 d6 6. a4 a6 7. O-O Ba7 8. Re1 O-O
9. h3 Re8 10. Na3 h6 11. b4 Be6 12. Bxe6 Rxe6 13. Nc2 Ne7 14. c4 a5 15. b5 Ng6
16. Ne3 Bxe3 17. Bxe3 b6 18. Nd2 Nd7 19. Nf1 Qf8 20. Ng3 Rae8 21. Ra2 Nf4 22. d4
g5 23. Nf5 exd4 24. Bxf4 gxf4 25. Qxd4 Kh7 26. f3 Qh8 27. Qxh8+ Kxh8 28. Nd4 Rf6
29. Ne2 Nc5 30. Nc3 Rg6 31. Nd5 Ne6 32. e5 Nd4 33. Kf1 dxe5 34. Nxf4 Rd6 35. Nd5
Kg7 36. Rd2 Nb3 37. Rdd1 Red8 38. Rxe5 c6 39. bxc6 Rxc6 40. Re3 Nc5 41. Ra3 Ne6
42. Rb1 Rxc4 43. Ne3 Rc6 44. Rab3 Kg6 45. Rxb6 Rxb6 46. Rxb6 Rd4 47. g3 Rxa4 48.
f4 Kg7 49. Nf5+ Kg6 50. Nd6 Nxf4 51. gxf4 Rxf4+ 52. Ke2 Rf6 53. Ke3 Re6+ 54. Kd4
f6 55. Ra6 a4 56. Kd5 Re5+ 57. Kc6 Rh5 58. Rxa4 Rxh3 59. Rg4+ Kh5 60. Rg8 Rd3
61. Ne4 Rf3 62. Kd5 Rd3+ 63. Kc4 Rf3 64. Kd4 Kh4 65. Rg6 h5 66. Nd2 Ra3 67. Ke4
Kh3 68. Nf1 h4 69. Ne3 f5+ 70. Kf4 Ra4+ 71. Kxf5 Ra8 72. Ke4 Rf8 73. Nf5 Rh8 74.
Nd4 Re8+ 75. Kf4 Rf8+ 76. Ke3 Re8+ 77. Kf2 Ra8 78. Rh6 Kg4 79. Nc2 Ra2 80. Rc6
Rb2 81. Rc4+ Kg5 82. Kg2 Kh5 83. Kf3 Rb3+ 84. Ne3 h3 85. Rc8 Rb6 86. Kg3 Rb3 87.
Rh8+ Kg5 88. Kf3 Rb4 89. Rxh3 Rf4+ 90. Ke2 Rd4 91. Rh8 Kf6 92. Kf3 Ra4 93. Rc8
Ke6 94. Nc4 Ra1 95. Ke4 Re1+ 96. Ne3 Re2 97. Rc6+ Kd7 98. Rh6 Re1 99. Kd4 Re2
100. Nf5 Rd2+ 101. Kc5 Rc2+ 102. Kd5 Rd2+ 103. Nd4 Rd1 104. Rh7+ Kd8 105. Ke5
Ke8 106. Nc6 Re1+ 107. Kd6 Rd1+ 108. Ke6 Re1+ 109. Ne5 Kd8 110. Rg7 Kc8 111. Rg3
Re2 112. Rc3+ Kd8 113. Rc1 Re4 114. Rh1 Re2 115. Rh3 Re1 116. Rh7 Kc8 117. Rg7
Re2 118. Kd5 Rd2+ 119. Kc5 Rc2+ 120. Nc4 Rc1 121. Kd5 Kd8 122. Kd6 Rd1+ 123. Ke6
Re1+ 124. Ne5 Kc8 125. Re7 1/2-1/2

[Event "45th Olympiad 2024"]
[Site "Budapest HUN"]
[Date "2024.09.16"]
[Round "6.4"]
[Board "2"]
[White "Shevchenko, Kirill"]
[Black "So, Wesley"]
[Result "1/2-1/2"]
[WhiteTitle "GM"]
[BlackTitle "GM"]
[WhiteElo "2673"]
[BlackElo "2752"]
[WhiteTeam "Romania"]
[BlackTeam "United States of America"]
[WhiteFideId "14129574"]
[BlackFideId "5202213"]
[EventDate "2024.09.11"]

1. d4 Nf6 2. c4 e6 3. Nc3 Bb4 4. Nf3 O-O 5. Bg5 c5 6. Rc1 cxd4 7. Nxd4 h6 8. Bh4
d5 9. cxd5 g5 10. Bg3 Qxd5 11. e3 Qxa2 12. Bd3 Qxb2 13. O-O Bxc3 14. Rc2 Qb4 15.
Nb5 e5 16. Rxc3 Nc6 17. f4 a6 18. Rb3 Qe7 19. fxg5 Ng4 20. Nd6 Nxe3 21. Bh7+
Kxh7 22. Rxe3 Qxg5 23. Qe1 Qg6 24. Nc4 Be6 25. Nxe5 Nxe5 26. Bxe5 Rg8 27. Rg3
Qh5 28. Qe4+ f5 29. Qxb7+ Qf7 30. Qxf7+ Bxf7 1/2-1/2

[Event "45th Olympiad 2024"]
[Site "Budapest HUN"]
[Date "2024.09.16"]
[Round "6.4"]
[Board "3"]
[White "Aronian, Levon"]
[Black "Nisipeanu, Liviu-Dieter"]
[Result "1/2-1/2"]
[WhiteTitle "GM"]
[BlackTitle "GM"]
[WhiteElo "2729"]
[BlackElo "2580"]
[WhiteTeam "United States of America"]
[BlackTeam "Romania"]
[WhiteFideId "13300474"]
[BlackFideId "1202758"]
[EventDate "2024.09.11"]

1. e4 e5 2. Nf3 Nc6 3. Bc4 Nf6 4. d3 Be7 5. Nc3 d6 6. a3 O-O 7. Be3 Be6 8. Nd5
Bxd5 9. exd5 Nb8 10. b4 c6 11. dxc6 bxc6 12. O-O Nbd7 13. Bb3 a5 14. c4 Rb8 15.
Bd2 axb4 16. axb4 d5 17. c5 Qc7 18. Re1 Rfe8 19. h3 Bf8 20. d4 exd4 21. Rxe8
Rxe8 22. Nxd4 Ne4 23. Be3 Ne5 24. Rc1 g6 25. Ba4 Nc4 26. Qf3 Ne5 27. Qd1 Nc4 28.
Qf3 Ne5 29. Qd1 Nc4 1/2-1/2

[Event "45th Olympiad 2024"]
[Site "Budapest HUN"]
[Date "2024.09.16"]
[Round "6.4"]
[Board "4"]
[White "Parligras, Mircea-Emilian"]
[Black "Robson, Ray"]
[Result "1/2-1/2"]
[WhiteTitle "GM"]
[BlackTitle "GM"]
[WhiteElo "2537"]
[BlackElo "2700"]
[WhiteTeam "Romania"]
[BlackTeam "United States of America"]
[WhiteFideId "1204297"]
[BlackFideId "2023970"]
[EventDate "2024.09.11"]

1. d4 Nf6 2. c4 e6 3. Nf3 d5 4. Nc3 Bb4 5. Bg5 h6 6. Bxf6 Qxf6 7. e3 O-O 8. Rc1
dxc4 9. Bxc4 c5 10. O-O cxd4 11. Ne4 Qe7 12. a3 Ba5 13. Qxd4 Rd8 14. Qc5 Qxc5
15. Nxc5 Nd7 16. Nb3 Bb6 17. Be2 Nf6 18. Ne5 Bd7 19. Nc5 Bxc5 20. Rxc5 Rac8 21.
Rfc1 Rxc5 22. Rxc5 Be8 23. Kf1 Ne4 24. Rc7 Nd6 25. e4 Kf8 26. f3 Rc8 27. Rxc8
Nxc8 28. Nc4 f6 29. f4 Ke7 30. e5 fxe5 31. Nxe5 Nd6 32. Kf2 Nf7 33. Ke3 Nxe5 34.
fxe5 a5 35. Kd4 b6 36. Bf3 Bb5 37. g3 Kd7 38. h4 Ke7 39. Kc3 Kd7 40. b4 axb4+
41. Kxb4 Ba6 42. Bd1 Bb7 43. Kb5 Kc7 44. Bg4 Bc6+ 45. Kb4 Bd7 46. Bh3 Bc8 47.
Kb5 Bd7+ 48. Kb4 Bc8 49. Kb5 Bd7+ 50. Kb4 1/2-1/2

[Event "45th Olympiad 2024"]
[Site "Budapest HUN"]
[Date "2024.09.16"]
[Round "6.5"]
[Board "1"]
[White "Rodshtein, Maxim"]
[Black "Abdusattorov, Nodirbek"]
[Result "0-1"]
[WhiteTitle "GM"]
[BlackTitle "GM"]
[WhiteElo "2600"]
[BlackElo "2766"]
[WhiteTeam "Israel"]
[BlackTeam "Uzbekistan"]
[WhiteFideId "2806851"]
[BlackFideId "14204118"]
[EventDate "2024.09.11"]

1. e4 e5 2. Nf3 Nc6 3. Bc4 Nf6 4. d3 Be7 5. O-O O-O 6. Re1 d6 7. a3 Kh8 8. c3
Nd7 9. d4 Nb6 10. Bd3 Bg4 11. d5 Nb8 12. Nbd2 a5 13. h3 Bh5 14. b3 f5 15. c4
fxe4 16. Bxe4 Bf7 17. Bd3 Na6 18. Qc2 Bg8 19. Ne4 Nd7 20. Be3 c6 21. Nc3 Ndc5
22. Be2 h6 23. Qb2 e4 24. Nd4 Bg5 25. Qd2 Qf6 26. Bf1 Bxe3 27. Rxe3 Bh7 28. Rae1
Rae8 29. g3 Nc7 30. b4 cxd5 31. bxc5 dxc5 32. Ndb5 Nxb5 33. Nxd5 Qd4 34. Qxa5
Nd6 35. Qc3 Rf7 36. Qc1 Nf5 37. Rd1 Qe5 38. f4 Qe6 39. Rb3 b5 40. Rxb5 Nxg3 41.
Rb6 Qc8 42. Kh2 Nf5 43. Be2 Qd8 44. Rg1 Ref8 45. Bh5 Rd7 46. Qb2 Bg8 47. Bg4
Bxd5 48. cxd5 Rxd5 49. Rg2 Nd4 50. Rg6 Qc7 51. Qf2 Rxf4 52. Qg3 Rxg4 53. hxg4
Nf3+ 54. Kh3 Qf7 55. Qb8+ Kh7 0-1

[Event "45th Olympiad 2024"]
[Site "Budapest HUN"]
[Date "2024.09.16"]
[Round "6.5"]
[Board "2"]
[White "Yakubboev, Nodirbek"]
[Black "Gorshtein, Ido"]
[Result "1-0"]
[WhiteTitle "GM"]
[BlackTitle "GM"]
[WhiteElo "2666"]
[BlackElo "2543"]
[WhiteTeam "Uzbekistan"]
[BlackTeam "Israel"]
[WhiteFideId "14203987"]
[BlackFideId "2815532"]
[EventDate "2024.09.11"]

1. d4 Nf6 2. c4 e6 3. Nf3 d5 4. g3 Bb4+ 5. Bd2 Be7 6. Bg2 O-O 7. O-O Nbd7 8. Qc2
c6 9. Bf4 a5 10. Rd1 h6 11. Nc3 dxc4 12. Nd2 Nb6 13. e4 a4 14. a3 Bd7 15. h3 Qc8
16. g4 Rd8 17. Nf1 Be8 18. Ne3 Nfd7 19. Bg3 c5 20. d5 Bf6 21. dxe6 fxe6 22. Rd6
Bf7 23. e5 Be7 24. Rd2 Nb8 25. Rxd8+ Qxd8 26. Bxb7 Ra7 27. Rd1 Qe8 28. Be4 Rd7
29. Rxd7 Qxd7 30. Kh2 Be8 31. Ne2 Qb5 32. Nf4 Nc6 33. Nxe6 Nd4 34. Nxd4 cxd4 35.
Nf5 Bc5 36. e6 Qb3 37. Qc1 1-0

[Event "45th Olympiad 2024"]
[Site "Budapest HUN"]
[Date "2024.09.16"]
[Round "6.5"]
[Board "3"]
[White "Nabaty, Tamir"]
[Black "Sindarov, Javokhir"]
[Result "1-0"]
[WhiteTitle "GM"]
[BlackTitle "GM"]
[WhiteElo "2630"]
[BlackElo "2677"]
[WhiteTeam "Israel"]
[BlackTeam "Uzbekistan"]
[WhiteFideId "2809052"]
[BlackFideId "14205483"]
[EventDate "2024.09.11"]

1. d4 Nf6 2. c4 g6 3. h4 Bg7 4. Nc3 d6 5. e4 h5 6. Be2 O-O 7. Nf3 a6 8. O-O c6
9. Be3 b5 10. a3 Bg4 11. cxb5 cxb5 12. e5 dxe5 13. dxe5 Qxd1 14. Rfxd1 Nfd7 15.
Nd5 Nc6 16. e6 fxe6 17. Nc7 Rad8 18. Nxa6 Bxb2 19. Ra2 Bf6 20. Rad2 e5 21. Nc7
e4 22. Nd4 Nxd4 23. Bxg4 Ne5 24. Rxd4 1-0

[Event "45th Olympiad 2024"]
[Site "Budapest HUN"]
[Date "2024.09.16"]
[Round "6.5"]
[Board "4"]
[White "Vokhidov, Shamsiddin"]
[Black "Smirin, Ilia"]
[Result "1/2-1/2"]
[WhiteTitle "GM"]
[BlackTitle "GM"]
[WhiteElo "2650"]
[BlackElo "2575"]
[WhiteTeam "Uzbekistan"]
[BlackTeam "Israel"]
[WhiteFideId "14204223"]
[BlackFideId "2801990"]
[EventDate "2024.09.11"]

1. e4 c5 2. Nf3 Nc6 3. Bb5 e6 4. Bxc6 bxc6 5. d3 Qc7 6. O-O Ne7 7. h4 h5 8. e5
Ng6 9. Re1 f6 10. Nbd2 fxe5 11. Qe2 d6 12. Nc4 Ne7 13. Bg5 Nf5 14. c3 Be7 15.
Bxe7 Qxe7 16. g3 O-O 17. Ng5 g6 18. Rad1 Ba6 19. Ne3 Rae8 20. Qc2 Kg7 21. d4
cxd4 22. Nxf5+ exf5 23. cxd4 e4 24. Qxc6 Bb7 25. Qc3 Bd5 26. Rc1 Qb7 27. Qa5 Rc8
28. b3 Bg8 29. Qd2 Bd5 30. Nh3 Rxc1 31. Rxc1 Rc8 32. Rxc8 Qxc8 33. Qg5 e3 34.
Qe7+ Kg8 35. Qxe3 Qc2 36. Qe1 Qxa2 37. b4 Qb2 38. Nf4 Be4 39. f3 Qxd4+ 40. Kg2
Qb2+ 41. Qf2 Qxf2+ 42. Kxf2 Bc6 43. Nxg6 Kg7 44. Nf4 Be8 45. Ke3 Kf6 46. Kd4 Bf7
47. Ne2 Ke6 48. Nc3 Kd7 49. Ke3 Kc6 50. Kf4 d5 51. Kxf5 d4 52. Ne2 Kd5 53. Kf6
Be8 54. g4 d3 55. Nf4+ Kd4 56. Nxd3 Kxd3 57. g5 Bc6 58. f4 Ke4 59. f5 Bd7 60.
Kg6 Be8+ 61. Kf6 Bd7 62. Kg6 1/2-1/2

[Event "45th Olympiad 2024"]
[Site "Budapest HUN"]
[Date "2024.09.16"]
[Round "6.6"]
[Board "1"]
[White "Giri, Anish"]
[Black "Brkic, Ante"]
[Result "1-0"]
[WhiteTitle "GM"]
[BlackTitle "GM"]
[WhiteElo "2724"]
[BlackElo "2642"]
[WhiteTeam "Netherlands"]
[BlackTeam "Croatia"]
[WhiteFideId "24116068"]
[BlackFideId "14506688"]
[EventDate "2024.09.11"]

1. e4 c5 2. Nf3 d6 3. d4 cxd4 4. Nxd4 Nf6 5. Nc3 a6 6. Qd3 g6 7. f3 Bg7 8. Be3
Nbd7 9. Qd2 b5 10. a4 bxa4 11. Rxa4 Bb7 12. Nb3 O-O 13. Be2 a5 14. O-O Ne5 15.
Rfa1 Nc6 16. Bb5 Nd7 17. Bxc6 Bxc6 18. Rxa5 Ne5 19. Rxa8 Bxa8 20. Qe2 Qb8 21.
Bd4 Rc8 22. Qb5 Bc6 23. Qxb8 Rxb8 24. Ra6 Bd7 25. Nd5 e6 26. Ne3 Nc6 27. Bxg7
Kxg7 28. Nc4 d5 29. Nc5 dxc4 30. Nxd7 Rc8 31. Nb6 Rc7 32. Nxc4 Nb4 33. Ra4 Nxc2
34. Nd6 Rc6 35. e5 Ne3 36. Kf2 Nf5 37. Rc4 Rb6 38. Nxf5+ gxf5 39. b4 f6 40.
exf6+ Kxf6 41. f4 e5 42. fxe5+ Kxe5 43. Ke3 Kd5 44. Rh4 Rb7 45. g3 Kc6 46. Rd4
Re7+ 47. Kf4 Re2 48. Kxf5 Rxh2 49. Rh4 Rf2+ 50. Kg5 Rf7 51. Kh6 Kd6 52. Rf4 Rb7
53. g4 Ke5 54. Rf5+ Ke6 55. b5 Ra7 56. b6 Rb7 57. Rf1 Ke5 58. g5 Ke4 59. Rf6 Ke5
60. Rc6 Kf4 61. Rc4+ Kf5 62. Rc7 Rxb6+ 63. Kh5 h6 64. Rf7+ Ke5 65. g6 1-0

[Event "45th Olympiad 2024"]
[Site "Budapest HUN"]
[Date "2024.09.16"]
[Round "6.6"]
[Board "2"]
[White "Martinovic, Sasa"]
[Black "Van Foreest, Jorden"]
[Result "0-1"]
[WhiteTitle "GM"]
[BlackTitle "GM"]
[WhiteElo "2563"]
[BlackElo "2696"]
[WhiteTeam "Croatia"]
[BlackTeam "Netherlands"]
[WhiteFideId "14509792"]
[BlackFideId "1039784"]
[EventDate "2024.09.11"]

1. d4 d5 2. c4 c6 3. Nf3 Nf6 4. Nc3 dxc4 5. e4 b5 6. a4 b4 7. Na2 e6 8. Bxc4
Nxe4 9. O-O Be7 10. Re1 Nf6 11. Ne5 O-O 12. Bg5 a5 13. Nc1 Nd5 14. Bxe7 Nxe7 15.
Nb3 Nd7 16. Bd3 Nxe5 17. Rxe5 Nd5 18. Qc2 g6 19. Qxc6 Bd7 20. Qd6 Rc8 21. Ree1
Qc7 22. Qxc7 Rxc7 23. Nxa5 Ra8 24. Nb3 Rxa4 25. Rxa4 Bxa4 26. Nc5 Be8 27. Ra1
Kf8 28. Ra5 Rc8 29. Be4 Ne7 30. f3 Rd8 31. Nb3 Bc6 32. Kf2 Bxe4 33. fxe4 Nc6 34.
Rb5 Nxd4 35. Rxb4 Nc6 36. Rb7 Ne5 37. Ke2 Nd3 38. Na5 h5 39. Ke3 Ne5 40. h3 Rd3+
41. Ke2 Rg3 42. Kf2 h4 43. Rb3 Nc6 44. Rb5 Nxa5 45. Rxa5 Rb3 46. Rg5 Rxb2+ 47.
Kf3 Rb3+ 48. Kf2 Rb4 49. Rg4 g5 50. Rxg5 Rxe4 51. Kf3 f5 52. Rh5 Kg7 53. Rg5+
Kf6 54. Rg8 Ra4 55. Rf8+ Ke5 56. Rh8 Rb4 57. Rh6 Kd5 58. Rh5 Ra4 59. Ke3 Ra3+
60. Kf2 Ra2+ 61. Kf3 e5 62. Rxf5 Kd4 63. Kg4 Rxg2+ 64. Kxh4 e4 65. Rf8 e3 66.
Rd8+ Kc3 67. Rc8+ Kd2 68. Rd8+ Ke1 69. Kh5 e2 70. h4 Rg3 71. Kh6 Kf2 72. Rd2 Kf1
73. Rxe2 Kxe2 74. h5 Kf3 75. Kh7 Kg4 76. h6 Kf5 0-1

[Event "45th Olympiad 2024"]
[Site "Budapest HUN"]
[Date "2024.09.16"]
[Round "6.6"]
[Board "3"]
[White "Warmerdam, Max"]
[Black "Livaic, Leon"]
[Result "0-1"]
[WhiteTitle "GM"]
[BlackTitle "GM"]
[WhiteElo "2679"]
[BlackElo "2550"]
[WhiteTeam "Netherlands"]
[BlackTeam "Croatia"]
[WhiteFideId "1048104"]
[BlackFideId "14531534"]
[EventDate "2024.09.11"]

1. c4 Nf6 2. Nc3 g6 3. Nf3 Bg7 4. e4 d6 5. d4 O-O 6. Be2 Na6 7. O-O e5 8. Be3
Qe7 9. d5 Ng4 10. Bg5 f6 11. Bh4 g5 12. Bg3 f5 13. exf5 Bxf5 14. Re1 Nh6 15. Nd2
Nc5 16. Rc1 a5 17. Bf1 b6 18. Nde4 g4 19. a3 Nf7 20. Nxc5 bxc5 21. Bd3 Bxd3 22.
Qxd3 Qg5 23. Rb1 Nh6 24. b4 axb4 25. axb4 cxb4 26. Rxb4 Nf5 27. Ne4 Qg6 28. Rb7
h5 29. Rxc7 h4 30. Rc6 hxg3 31. hxg3 Qh5 32. c5 dxc5 33. d6 Rad8 34. Rxc5 Qg6
35. Rc6 Nd4 36. Ra6 Qf5 37. Qc4+ Kh8 38. Qd3 Ne6 39. Qe3 Nd4 40. Qd3 Rb8 41. Qd2
Rbc8 42. Ra7 Rc2 43. Qe3 Rb2 44. Ra4 Rfb8 45. Qd3 Ne2+ 46. Kf1 Qh7 0-1